The foreseeable future /

Bibliographic Details
Main Author: Price, Reynolds, 1933-2011
Format: Book
Language:English
Published: New York : Toronto : New York : Atheneum ; Collier Macmillan Canada ; Maxwell Macmillan International, 1991.

MARC

Tag First Indicator Second Indicator Subfields
LEADER 00000cam a2200000 a 4500
001 in00001015607
005 20190820130059.0
008 900806s1991 nyu 00011 eng
010 |a  90045463  
020 |a 0689121105 :  |c $21.95 ($28.95 Can.) 
035 |a (OCoLC)22274567 
035 |9 AFD0486AM 
040 |a DLC  |c DLC  |d TXA  |d UtOrBLW 
049 |a TXAM 
050 0 0 |a PS3566.R54  |b F67 1991 
082 0 0 |a 813/.54  |2 20 
100 1 |a Price, Reynolds,  |d 1933-2011. 
245 1 4 |a The foreseeable future /  |c Reynolds Price. 
264 1 |a New York :  |b Atheneum ;  |a Toronto :  |b Collier Macmillan Canada ;  |a New York :  |b Maxwell Macmillan International,  |c 1991. 
300 |a 253 pages ;  |c 25 cm. 
336 |a text  |b txt  |2 rdacontent 
337 |a unmediated  |b n  |2 rdamedia 
338 |a volume  |b nc  |2 rdacarrier 
500 |a The Cushing Library/Basbanes collection copy contains a news sheet from the publisher and a review slip, is signed by the author, and is part of the Nicholas A. Basbanes Collection of Inscribed Books. 
541 0 |a Donated by Nicholas A. Basbanes  |d 20151124 
700 1 |a Basbanes, Nicholas A.,  |d 1943-  |e former owner. 
999 |a MARS 
999 f f |s a0985b2d-caeb-39d9-a66c-d2584b94e849  |i 5cfd5f2a-0b44-3c51-987e-bdf311cfecbe  |t 0 
952 f f |p ric  |a Texas A&M University  |b Rellis Campus  |c Joint Library Facility  |s JLF  |d Remote Storage  |t 0  |e PS3566.R54 F67 1991  |h Library of Congress classification  |i unmediated -- volume  |m A14814377610 
998 f f |a PS3566.R54 F67 1991  |t 0  |l Remote Storage